| 000 | 00424nam a2200157Ia 4500 | ||
|---|---|---|---|
| 999 |
_c8294 _d8294 |
||
| 020 | _a9789382059134 | ||
| 082 | _a362.10954 DAS-; | ||
| 100 | _aDash, L.N. | ||
| 245 | 0 | _aHealth and India's economic development: challenges and opportunities | |
| 260 |
_aNew Delhi _bSynergy Books India _c2013 |
||
| 300 | _axviii, 274 | ||
| 650 | _aMEDICAL CARE | ||
| 650 | _aMEDICAL POLICY | ||
| 650 | _aECONOMIC DEVELOPMENT | ||
| 942 | _cBK | ||